Statistics for Countries Closest to Norway - One Minute Sprint

Click here to take the quiz!

General Stats

  • This quiz has been taken 257 times
  • The average score is 16 of 20

Answer Stats

kmcountrymiles% Correct
0Sweden0
100%
0Finland0
99%
110Denmark68
97%
327Germany203
97%
0Russia0
96%
293United Kingdom182
95%
575Poland357
90%
599Latvia372
89%
554Estonia344
88%
494Netherlands307
88%
734Belgium456
87%
645Lithuania401
87%
820France509
86%
847Ireland526
85%
973Iceland604
79%
870Luxembourg541
69%
914Belarus568
59%
879Czechia546
56%
446Greenland277
30%
579Faroe Islands360
28%

Score Distribution

Percentile by Number Answered

Percent of People with Each Score

Your Score History

You have not taken this quiz